Digital electronics / (Record no. 136289)

MARC details
000 -LEADER
fixed length control field 00804nam a22002417a 4500
003 - CONTROL NUMBER IDENTIFIER
control field dpl
005 - DATE AND TIME OF LATEST TRANSACTION
control field 20180608154606.0
008 - FIXED-LENGTH DATA ELEMENTS--GENERAL INFORMATION
fixed length control field 180608b xxu||||| |||| 00| 0 eng d
010 ## - LIBRARY OF CONGRESS CONTROL NUMBER
LC control number B-126571
020 ## - INTERNATIONAL STANDARD BOOK NUMBER
International Standard Book Number 8120325222
Terms of availability 295.00
035 ## - SYSTEM CONTROL NUMBER
System control number B-126571, B126592
037 ## - SOURCE OF ACQUISITION
Source of stock number/acquisition Cen Lib / Ret
040 ## - CATALOGING SOURCE
Original cataloging agency DPL
Language of cataloging EN
Transcribing agency 0
082 ## - DEWEY DECIMAL CLASSIFICATION NUMBER
Classification number 621.3815
Item number NIT
245 ## - TITLE STATEMENT
Title Digital electronics /
Statement of responsibility, etc by NIIT
260 ## - PUBLICATION, DISTRIBUTION, ETC. (IMPRINT)
Place of publication, distribution, etc New Delhi
Name of publisher, distributor, etc Prentice Hall of India
Date of publication, distribution, etc 2004
270 ## - ADDRESS
Address M-97, Cannaught Circut
City New Delhi
Postal code 110001
300 ## - PHYSICAL DESCRIPTION
Extent (ix, 409p)
Dimensions 27cm(Hb)
650 ## - SUBJECT ADDED ENTRY--TOPICAL TERM
Topical term or geographic name as entry element Digital electronics.
9 (RLIN) 20485
650 ## - SUBJECT ADDED ENTRY--TOPICAL TERM
Topical term or geographic name as entry element TECHNOLOGY & ENGINEERING -- Electronics -- Microelectronics.
9 (RLIN) 140243
650 ## - SUBJECT ADDED ENTRY--TOPICAL TERM
Topical term or geographic name as entry element TECHNOLOGY & ENGINEERING -- Electronics -- Digital.
9 (RLIN) 140244
942 ## - ADDED ENTRY ELEMENTS (KOHA)
Source of classification or shelving scheme Dewey Decimal Classification
Koha item type English Books
Classification part 621.3815
Call number suffix INT
Holdings
Withdrawn status Lost status Damaged status Not for loan Home library Current library Date acquired Source of acquisition Cost, normal purchase price Total Checkouts Total Renewals Full call number Barcode Date last seen Date checked out Copy number Cost, replacement price Price effective from Koha item type Source of classification or shelving scheme Collection code
        Central Library Central Library 18/03/2016 Cen Lib/Ret 295.00 7 6 621.3815 NIT B-126571 10/01/2025 22/11/2024 1 295.00 18/03/2016 English Books    
        Shahdara Branch Shahdara Branch 08/06/2018 BPPD/PUB 295.00 3 2 621.3815 INT B-126592 20/11/2018 05/11/2018   295.00 08/06/2018 English Books Dewey Decimal Classification Non-fiction

© Delhi Public Library
Hit Counter
free hit counter